[Event "Scarborough CC-ch reserves"]
[Site "Toronto"]
[Date "2007.02.08"]
[Round "6"]
[White "Farrant, David"]
[Black "Lung, Patrick"]
[Result "1-0"]
[WhiteElo "1521"]
[BlackElo "1516"]
[PlyCount "58"]
[EventDate "2007.01.04"]
[EventType "swiss"]
[EventRounds "9"]
[EventCountry "CAN"]
[SourceTitle "EXT 2022"]
[Source "ChessBase"]
[SourceDate "2021.10.06"]
[SourceVersion "1"]
[SourceVersionDate "2021.10.06"]
[SourceQuality "1"]

1. e4 e5 2. Nf3 Nc6 3. d4 exd4 4. Nxd4 Nf6 5. Nc3 Bc5 6. Nb3 Bb6 7. Bg5 h6 8. Bh4 d6 9. Nd5 g5 10. Bg3 Nxd5 11. exd5 Ne7 12. Qd2 a6 13. 0-0-0 Bf5 14. Re1 Qd7 15. Qe2 Bg6 16. h4 f6 17. f4 Rf8 18. hxg5 hxg5 19. Rh6 Bf5 20. Qh5+ Kd8 21. fxg5 Bg4 22. Qh4 Nf5 23. Rxf6 Qg7 24. Rxf8+ Qxf8 25. Qxg4 Nxg3 26. g6 Nf5 27. Bd3 Ng7 28. Rf1 Qe8 29. Kb1 a5 1-0

[Event "Scarborough CC-ch reserves"]
[Site "Toronto"]
[Date "2007.01.11"]
[Round "2"]
[White "Douglas, Steven1111"]
[Black "Lung, Patrick"]
[Result "1-0"]
[WhiteElo "1589"]
[BlackElo "1500"]
[PlyCount "43"]
[EventDate "2007.01.04"]
[EventType "swiss"]
[EventRounds "9"]
[EventCountry "CAN"]
[SourceTitle "EXT 2022"]
[Source "ChessBase"]
[SourceDate "2021.10.06"]
[SourceVersion "1"]
[SourceVersionDate "2021.10.06"]
[SourceQuality "1"]

1. e4 e5 2. Bc4 Nc6 3. Nf3 Bc5 4. b4 Bxb4 5. c3 Bc5 6. d4 exd4 7. Qb3 Qf6 8. Bg5 Qg6 9. 0-0 Nf6 10. e5 Ng4 11. Bf4 0-0 12. h3 Nh6 13. Re1 b6 14. Qd1 Bb7 15. Nh4 Na5 16. Nxg6 hxg6 17. Bd3 dxc3 18. Nxc3 Bd4 19. Rc1 a6 20. Bc4 Bxc3 21. Rxc3 Nc6 22. Qxd7 1-0